| 000 | 00941nam a22002897a 4500 | ||
|---|---|---|---|
| 003 | DO-SdBNP | ||
| 005 | 20231005122741.0 | ||
| 008 | 171110b 2005 dr ||0| 0 spa d | ||
| 020 | _a9993439223 | ||
| 040 |
_aBPMSU _bspa _cBPMSU |
||
| 082 | 4 |
_a170 _bS583p 2005 _222 |
|
| 100 | 1 |
_aSilié Gatón, Domingo _d1923- |
|
| 245 | 1 | 0 |
_aProyecciones morales y cívicas / _cDomingo Silié Gatón ; prólogo José Rijo. |
| 250 | _a2a ed. | ||
| 260 |
_aSanto Domingo : _bEdiciones Librería la Trinitaria ; _c2005. |
||
| 300 |
_a116 p. ; _c22 cm. |
||
| 500 | _aIncluye datos biográficos del autor en la contracubierta | ||
| 590 | _aInventariado, 2023/VM | ||
| 650 | 4 | _aÉtica | |
| 650 | 4 | _aValores (Filosofía) | |
| 700 | 1 |
_aRijo, José, _epról. |
|
| 852 | _t1 | ||
| 856 | _3Archivo Digital Biblioteca Nacional | ||
| 856 | _ubiblio.bnphu.gob.do/Archivos_Digitales/PDF | ||
| 910 | _aBTAVAREZ/VMateo V. Control de calidad BPMSU | ||
| 942 |
_2ddc _cBK |
||
| 999 |
_c12837 _d12837 |
||